| 000 | 00833nam a22002177a 4500 | ||
|---|---|---|---|
| 999 |
_c11646 _d11646 |
||
| 003 | AR-CdUCM | ||
| 008 | 190404b ||||| |||| 00| 0 spa d | ||
| 040 |
_aMUNICIPALIDAD PROVINCIAL DEL CUSCO _cBIBLIOTECA MUNICIPAL DEL CUSCO |
||
| 082 |
_aES / 808.83 / _bB28 |
||
| 100 |
_aBausch Bedoya, Germán _92053 |
||
| 245 |
_aLa ciudad de un pequeño corazón : _bpoemas y poliritmos cuentos al calor del fogon / |
||
| 260 |
_aCusco : _bInstituto Nacional de Cultura, _c2001. |
||
| 300 |
_a133 paginas ; _c21 cm. |
||
| 500 | _aLiteratura Infantil | ||
| 505 | _aContenido: La ciudad del pequeño corazon -- poliritmos -- risas y sonrisas del reyno animal -- cuentos al calor del fogon. | ||
| 650 |
_aCuentos _9217 |
||
| 650 |
_aTexto Estudiantil _929107 |
||
| 650 |
_aLiteratura _983 |
||
| 942 |
_2ddc _cLIBROS |
||
| 945 |
_apjha _d2019-04-04 |
||